Thể dục chữa bệnh tim mạch

Giới thiệu các phương pháp, hệ thống các bài tập thể dục, chế độ dinh dưỡng, nghỉ ngơi cho những người thuộc lứa tuổi trung niên nói chung và những người bị bệnh tim mạch nói riêng

Na minha lista:
Detalhes bibliográficos
Autor principal: Apđulina, A. X.
Outros Autores: Nguyễn Xuân Điều (Dịch)
Formato: Livro
Idioma:Vietnamese
Publicado em: H. Thể dục thể thao 1978
Assuntos:
Tags: Adicionar Tag
Sem tags, seja o primeiro a adicionar uma tag!
Thư viện lưu trữ: Mạng thư viện Đại học Đà Nẵng
LEADER 01471nam a22003858a 4500
001 000009537
003 5734
005 20111028101028.0
008 111028s1978 b 000 0 od
020 |c 2500đ  |d 11800b 
041 0 |a dịch liên xô 
041 0 |a vie 
082 |a 616.1  |b AP-A 
084 |a N 
100 1 |a Apđulina, A. X. 
245 1 0 |a Thể dục chữa bệnh tim mạch  |c A. X. Apđulina ; Dịch: Nguyễn Xuân Điều 
260 |a H.  |b Thể dục thể thao  |c 1978 
300 |a 54tr: hình vẽ  |c 19cm 
520 |a Giới thiệu các phương pháp, hệ thống các bài tập thể dục, chế độ dinh dưỡng, nghỉ ngơi cho những người thuộc lứa tuổi trung niên nói chung và những người bị bệnh tim mạch nói riêng 
653 |a thể dục chữa bệnh 
653 |a Bệnh tim mạch 
653 |a bài tập 
653 |a phương pháp 
700 1 |a Nguyễn Xuân Điều  |e Dịch 
910 |a Nguyễn Thị Kim Oanh  |d 28/10/2011 
OWN |a LSP 
AVA |a UDN50  |b LSP  |d 616.1 AP-A  |e unavailable  |t Error 5002 Not defined in file expand_doc_bib_avail.  |f 1  |g 1  |h N  |i 0  |k 1 
999 |a From the UDN01 
AVA |a UDN50  |b LSP  |d 616.1 AP-A  |e unavailable  |t Error 5002 Not defined in file expand_doc_bib_avail.  |f 1  |g 1  |h N  |i 0  |k 1 
TYP |a Monograph 
TYP |a Printed language 
980 |a Mạng thư viện Đại học Đà Nẵng